Внешние устройства для вывода информации - Statistics

General Stats
  • This quiz has been taken 436 times
  • The average score is 4 of 6
Answer Stats
Picture Answer % Correct
Наушники
92%
Монитор
90%
Принтер
89%
Колонки
85%
3D-принтер
21%
Плоттер
8%
No matching quizzes found
Score Distribution
Percent of People with Each Score
Percentile by Number Answered
Your Score History
You have not taken this quiz